00265nam a2200121Ia 45000030006000000080041000060400015000471000020000622450023000822600009001055460012001140050017001260STCL150530s9999 xx 000 0 und d aSTCLcSTCL aSheila Burnford aIncredible journey c1983 aEnglish20220125171042.0